1808 (Record no. 25891)

MARC details
000 -LÍDER
campo de controle de tamanho fixo 00314 a2200157 4500
001 - NÚMERO DE CONTROLE
campo de controle 25891
020 ## - ISBN - INTERNATIONAL STANDARD BOOK NUMBER
ISBN - International Standard Book Number 9788576653202
040 ## - FONTE DA CATALOGAÇÃO
Instituição que transcreveu o registro Anchieta - São Paulo/Itaigara
100 ## - ENTRADA PRINCIPAL--NOME PESSOAL
Nome pessoal Gomes, Laurentino
240 10 - TÍTULO UNIFORME
Título uniforme 1808
Idioma da obra por
245 10 - TÍTULO
Título 1808
300 ## - DESCRIÇÃO FÍSICA
Extensão 367
362 0# - DATAS DE PUBLICAÇÃO E/OU DESIGNAÇÃO SEQUENCIAL
Datas de publicação e/ou designação sequencial 2014
650 #4 - ASSUNTO--TERMO TÓPICO
Cabeçalho tópico ou nome geográfico Brasil
942 ## - ELEMENTOS DE ENTRADA ADICIONADOS (KOHA)
Tipo de material Koha Livros
Holdings
Situação do descarte Situação das perdas Situação física Não pode ser emprestado Biblioteca de origem Biblioteca atual Data de aquisição Total de empréstimos Número de chamada completo Código de barras Data de último acesso Data do preço efetivo Tipo de material Koha
        Canadian School of Niterói - Itacoatiara Canadian School of Niterói - Itacoatiara 09/02/2024   GOM A15932 09/02/2024 09/02/2024 Livros
        Colégio Anchieta - Pituba Colégio Anchieta - Pituba 21/11/2023   981 G633m GOM 180 12703/PIT 21/11/2023 21/11/2023 Livros
        Colégio Anchieta - Pituba Colégio Anchieta - Pituba 21/11/2023   981 G633m GOM 180 12705/PIT 21/11/2023 21/11/2023 Livros
        Colégio São Paulo Colégio São Paulo 22/11/2023   981 G633u 8135/CSP 22/11/2023 22/11/2023 Livros
        Leonardo Da Vinci - Granja Viana Leonardo Da Vinci - Granja Viana 27/03/2024   025.5 G615m G01146 27/03/2024 27/03/2024 Livros
        Leonardo Da Vinci - Osasco Leonardo Da Vinci - Osasco 27/03/2024   981.033 G615m O014080 27/03/2024 27/03/2024 Livros